[Event "15th HZ Open"]
[Site "Vlissingen NED"]
[Date "2011.07.30"]
[Round "1.4"]
[White "De Bock, Rien"]
[Black "Smeets, Jan"]
[Result "0-1"]
[BlackTitle "GM"]
[WhiteElo "1922"]
[BlackElo "2628"]
[WhiteFideId "1031511"]
[BlackFideId "1007246"]
[EventDate "2011.07.30"]

1. e4 c5 2. Nf3 e6 3. d4 cxd4 4. c3 dxc3 5. Nxc3 a6 6. Bc4 d6 7. O-O Ne7 8. Bf4
Ng6 9. Bg3 Nc6 10. Qd2 Be7 11. Rfd1 Nge5 12. Nxe5 Nxe5 13. Bb3 O-O 14. f4 Nc6
15. Rac1 Na5 16. Bc2 Bd7 17. f5 Bg5 18. Bf4 Qb6+ 19. Kh1 Nc4 0-1

[Event "15th HZ Open"]
[Site "Vlissingen NED"]
[Date "2011.07.30"]
[Round "1.6"]
[White "Grashuis, Aldert-jan"]
[Black "L'Ami, Erwin"]
[Result "0-1"]
[BlackTitle "GM"]
[WhiteElo "1919"]
[BlackElo "2611"]
[WhiteFideId "1025163"]
[BlackFideId "1007998"]
[EventDate "2011.07.30"]

1. e4 c5 2. Nf3 d6 3. Nc3 Nf6 4. g3 Nc6 5. Bg2 g6 6. O-O Bg7 7. d3 O-O 8. Re1
Bg4 9. h3 Bxf3 10. Bxf3 Nd7 11. Be3 b5 12. Ne2 Bxb2 13. Rb1 Bg7 14. d4 cxd4 15.
Nxd4 Nxd4 16. Bxd4 Bxd4 17. Qxd4 a6 18. h4 Rc8 19. Rbd1 Rc4 20. Qd2 Qc7 21. Re2
Rc8 22. Rc1 Qc5 23. h5 Rc3 24. Bg2 Qxh5 25. Re3 Qc5 26. Rxc3 Qxc3 27. Qg5 Nf6
28. Qf4 Rc5 29. g4 g5 0-1

[Event "15th HZ Open"]
[Site "Vlissingen NED"]
[Date "2011.07.30"]
[Round "1.7"]
[White "Ikonnikov, Vyacheslav"]
[Black "De Vleeschauwer, Maarten"]
[Result "1-0"]
[WhiteTitle "GM"]
[WhiteElo "2553"]
[BlackElo "1918"]
[WhiteFideId "4100972"]
[BlackFideId "214809"]
[EventDate "2011.07.30"]

1. d4 e6 2. c4 f5 3. g3 Nf6 4. Bg2 Be7 5. Nf3 d6 6. O-O O-O 7. Nc3 Qe8 8. b4 Qh5
9. c5 a6 10. a4 Ne4 11. Qc2 Nxc3 12. Qxc3 Nd7 13. Qb3 Nf6 14. cxd6 cxd6 15. Bg5
Kh8 16. Rfc1 h6 17. Bxf6 Bxf6 18. e3 Rb8 19. b5 Bd7 20. Qb4 Be7 21. d5 e5 22.
Nxe5 1-0

[Event "15th HZ Open"]
[Site "Vlissingen NED"]
[Date "2011.07.30"]
[Round "1.8"]
[White "Hogerhorst, Tony"]
[Black "Pavlovic, Milos"]
[Result "0-1"]
[BlackTitle "GM"]
[WhiteElo "1914"]
[BlackElo "2541"]
[WhiteFideId "1036440"]
[BlackFideId "900389"]
[EventDate "2011.07.30"]

1. c4 e6 2. g3 d5 3. cxd5 exd5 4. d4 c6 5. Bg2 Nf6 6. Nf3 Be7 7. O-O O-O 8. Nbd2
Re8 9. Qc2 Na6 10. a3 Nc7 11. Ne5 Bd6 12. Ndf3 Ne6 13. Nd3 a5 14. e3 h6 15. Bd2
Ng5 16. Nxg5 hxg5 17. Rae1 Bf5 18. f3 g4 19. fxg4 Bg6 20. Bf3 Qd7 21. g5 Nh7 22.
Bc3 Qf5 23. e4 dxe4 24. Bxe4 Qxg5 25. Bxg6 Qxg6 26. Rf2 Ng5 27. Kh1 Ne4 28. Rfe2
Bxg3 29. Rxe4 Rxe4 30. hxg3 Rae8 31. Qg2 Qh5+ 32. Kg1 Rxe1+ 33. Nxe1 Re2 34. Qh1
Qf5 35. Nf3 Qb1+ 36. Ne1 Rxe1+ 37. Bxe1 Qxe1+ 38. Kh2 Qxh1+ 39. Kxh1 f5 40. Kg2
g5 41. a4 Kf7 42. Kf2 Ke6 0-1

[Event "15th HZ Open"]
[Site "Vlissingen NED"]
[Date "2011.07.30"]
[Round "1.10"]
[White "Pauwels, Rudi"]
[Black "Hoffmann, Michael1"]
[Result "0-1"]
[BlackTitle "GM"]
[WhiteElo "1910"]
[BlackElo "2493"]
[WhiteFideId "201880"]
[BlackFideId "4601297"]
[EventDate "2011.07.30"]

1. d4 Nf6 2. Nf3 e6 3. e3 c5 4. Bd3 b6 5. Nbd2 cxd4 6. exd4 Be7 7. c4 O-O 8. O-O
d5 9. b3 Nc6 10. Bb2 Nb4 11. Bb1 Bb7 12. a3 Nc6 13. Bd3 dxc4 14. bxc4 Qd6 15.
Qe2 Rfd8 16. Rfe1 Bf8 17. Rad1 g6 18. Ne4 Nxe4 19. Bxe4 Bg7 20. d5 exd5 21. Bxd5
Qf4 22. Bxg7 Kxg7 23. Qb2+ Qf6 24. Qxf6+ Kxf6 25. Re4 Kg7 26. Rde1 Rd7 27. Ne5
Nxe5 28. Bxb7 Rxb7 29. Rxe5 Rc8 30. Re7 Rxe7 31. Rxe7 Rxc4 32. g3 a6 33. Re3 g5
34. h3 h5 35. Kg2 b5 36. Kf3 f5 37. Rd3 Ra4 38. Ke2 Kf6 39. f3 Ke5 40. Ke3 f4+
41. gxf4+ gxf4+ 42. Ke2 Rc4 43. Rd8 Rc2+ 44. Kd3 Ra2 45. Re8+ Kf5 46. Rf8+ Kg5
47. Ke4 Rxa3 48. Rg8+ Kh4 49. Kxf4 a5 0-1

[Event "15th HZ Open"]
[Site "Vlissingen NED"]
[Date "2011.07.30"]
[Round "1.11"]
[White "Henrichs, Thomas"]
[Black "Van Veen, Maarten"]
[Result "1-0"]
[WhiteTitle "IM"]
[WhiteElo "2475"]
[BlackElo "1910"]
[WhiteFideId "4626605"]
[BlackFideId "1027751"]
[EventDate "2011.07.30"]

1. d4 Nf6 2. c4 c5 3. d5 b5 4. cxb5 a6 5. f3 d6 6. e4 axb5 7. Bxb5+ Bd7 8. Bc4
g6 9. Ne2 Bg7 10. O-O O-O 11. Nec3 Na6 12. Bg5 Qb6 13. Qd2 Rfb8 14. b3 Nc7 15.
a4 Qb4 16. Qc1 Rb7 17. Ra2 Qb6 18. Re2 e6 19. Kh1 exd5 20. exd5 Re8 21. Rfe1
Rbb8 22. Re7 Bf5 23. Na3 Rxe7 24. Rxe7 Re8 25. Qe3 Qb8 26. Nab5 Rxe7 27. Qxe7
Qe8 28. Qxe8+ Nfxe8 29. Be7 Bf8 30. Nxc7 Nxc7 31. Bd8 Bg7 32. Bxc7 Bxc3 33. Bxd6
Bb4 34. Be7 Bc8 35. d6 1-0

[Event "15th HZ Open"]
[Site "Vlissingen NED"]
[Date "2011.07.30"]
[Round "1.12"]
[White "Baete, Guy"]
[Black "Deepan, Chakkravarthy J."]
[Result "0-1"]
[BlackTitle "GM"]
[WhiteElo "1909"]
[BlackElo "2470"]
[WhiteFideId "207187"]
[BlackFideId "5011132"]
[EventDate "2011.07.30"]

1. d4 g6 2. Nf3 Bg7 3. e3 Nf6 4. Bd3 O-O 5. O-O d6 6. b3 Nbd7 7. Bb2 Re8 8. Nbd2
e5 9. dxe5 dxe5 10. e4 Nh5 11. Re1 b6 12. Bb5 Qe7 13. Nc4 Rd8 14. Qd5 Rb8 15.
Rad1 Bb7 16. Bc6 Nf4 17. Ba3 Nc5 18. Bxc5 bxc5 19. Qxd8+ Rxd8 20. Bxb7 Bf6 21.
a4 Kg7 22. a5 Ne2+ 23. Kf1 Nd4 24. Nxd4 cxd4 25. Rd3 Qe6 26. a6 Bg5 27. Na5 Qb6
28. Nc4 Qe6 29. Ra1 Be7 30. Ra5 f6 31. Ra1 Bb4 32. Ra4 Qe7 33. Ra1 Qc5 34. Rad1
Rf8 35. Ke2 Bc3 36. Rg3 h5 37. Kd3 Kh6 38. h4 f5 39. f3 c6 40. Rg5 fxe4+ 41.
fxe4 Ba5 42. Rxe5 Qb4 43. Ke2 Qc3 44. Rd2 Qg3 45. Rxa5 Rf2+ 46. Kd1 Rf1+ 47. Ke2
Re1# 0-1

[Event "15th HZ Open"]
[Site "Vlissingen NED"]
[Date "2011.07.30"]
[Round "1"]
[White "Zaragatski, Ilja"]
[Black "Becker, Matthias"]
[Result "1-0"]
[WhiteTitle "IM"]
[WhiteElo "2469"]
[BlackElo "1909"]
[WhiteFideId "4655192"]
[BlackFideId "12915564"]
[EventDate "2011.07.30"]

1. Nf3 Nf6 2. g3 g6 3. b3 Bg7 4. Bb2 O-O 5. Bg2 d5 6. c4 c6 7. O-O b6 8. d3 Bb7
9. Nbd2 Nbd7 10. Qc2 Re8 11. d4 e5 12. Nxe5 Nxe5 13. dxe5 Ng4 14. cxd5 cxd5 15.
Nf3 Qe7 16. Rac1 Rac8 17. Qd2 Nxe5 18. Nxe5 Bxe5 19. Bxe5 Qxe5 20. e3 Rxc1 21.
Rxc1 Re7 22. h4 Kg7 23. Rc3 d4 24. exd4 Qe1+ 25. Qxe1 Rxe1+ 26. Kh2 Bxg2 27.
Kxg2 Rd1 28. Rc4 Rd2 29. a4 Rd3 30. b4 Kf6 31. b5 Ke6 32. Rc7 Rxd4 33. Rxa7 h5
34. Kf3 f6 35. Ra6 Kf5 36. Rxb6 Rxa4 37. Rb8 Ra3+ 38. Kg2 Rb3 39. b6 Rb2 40. b7
Rb3 41. f3 Rb2+ 42. Kf1 Rb1+ 43. Ke2 Rb2+ 44. Ke3 Rb3+ 45. Kd4 Rb1 46. Kd5 Rd1+
47. Kc6 Rc1+ 48. Kd6 Rd1+ 49. Ke7 Re1+ 50. Kf7 Rb1 51. Kg7 Rb2 52. Kh6 Rb1 53.
Ra8 Rxb7 54. Ra5+ Ke6 55. Kxg6 Rb6 56. Rxh5 Rb8 57. g4 Rg8+ 58. Kh7 Kf7 59. Ra5
Rg7+ 60. Kh6 Rg6+ 61. Kh5 Rg8 62. g5 Re8 63. Ra7+ 1-0

[Event "15th HZ Open"]
[Site "Vlissingen NED"]
[Date "2011.07.30"]
[Round "1"]
[White "Peeters, Bart"]
[Black "Burg, Twan"]
[Result "0-1"]
[BlackTitle "IM"]
[WhiteElo "1908"]
[BlackElo "2450"]
[WhiteFideId "1020048"]
[BlackFideId "1010697"]
[EventDate "2011.07.30"]

1. d4 d5 2. c4 c6 3. Nf3 Nf6 4. Qb3 dxc4 5. Qxc4 Bf5 6. g3 Nbd7 7. Bg2 e6 8. O-O
Be7 9. e3 O-O 10. Nc3 b5 11. Qxc6 b4 12. Nb1 Qa5 13. Nbd2 Bd3 14. Nb3 Qh5 15.
Re1 Be4 0-1

[Event "15th HZ Open"]
[Site "Vlissingen NED"]
[Date "2011.07.30"]
[Round "1"]
[White "Van Haastert, Edwin"]
[Black "Vermue, Albert"]
[Result "1-0"]
[WhiteTitle "IM"]
[WhiteElo "2421"]
[BlackElo "1905"]
[WhiteFideId "1003992"]
[BlackFideId "1026968"]
[EventDate "2011.07.30"]

1. e4 e5 2. Nf3 Nc6 3. Bb5 a6 4. Ba4 Nf6 5. Qe2 d6 6. c3 Be7 7. d3 h6 8. Nbd2
O-O 9. Nf1 b5 10. Bc2 Re8 11. h3 d5 12. g4 Nh7 13. Ng3 d4 14. Nf5 Bg5 15. Nxg5
hxg5 16. Qf3 Qf6 17. h4 gxh4 18. g5 Nxg5 19. Qh5 Bxf5 20. Bxg5 Qg6 21. Qxh4 1-0

[Event "15th HZ Open"]
[Site "Vlissingen NED"]
[Date "2011.07.30"]
[Round "1"]
[White "Westerweele, Maarten"]
[Black "Haimovich, Tal"]
[Result "1/2-1/2"]
[BlackTitle "IM"]
[WhiteElo "1905"]
[BlackElo "2419"]
[WhiteFideId "1011774"]
[BlackFideId "2801698"]
[EventDate "2011.07.30"]

1. e4 c5 2. c3 g6 3. Nf3 Bg7 4. d4 cxd4 5. cxd4 d5 6. e5 Nc6 7. Nc3 Nh6 8. Bb5
O-O 9. h3 Nf5 10. O-O Be6 11. Bxc6 bxc6 12. Na4 Rb8 13. b3 Qc7 14. Nc5 Bc8 15.
Re1 Rb5 16. Bf4 Bh8 17. Qd2 Qb6 18. Rac1 a5 19. Qc3 Qa7 20. g4 Ng7 21. Bh6 Rd8
22. Ng5 Rb4 23. a3 Rb8 24. Qg3 Ne8 25. Nxf7 Kxf7 26. Qf4+ Nf6 27. Re3 Rb5 28.
Bg5 Qb8 29. Rce1 Kg8 30. exf6 Qxf4 31. Bxf4 Bxf6 32. Be5 Bg5 33. f4 Bh4 34. R1e2
h6 35. Bc7 Rf8 36. Be5 Rf7 37. Kg2 Rb6 38. Rb2 Kf8 39. b4 axb4 40. Rxb4 Rxb4 41.
axb4 Kg8 42. Ra3 Rf8 43. Ra7 h5 44. Kf3 Bg5 45. Rc7 Bxf4 46. Rxc8 Rxc8 47. Kxf4
hxg4 48. hxg4 Ra8 49. Kg5 Kf7 50. Bc7 1/2-1/2

[Event "15th HZ Open"]
[Site "Vlissingen NED"]
[Date "2011.07.30"]
[Round "1"]
[White "Van Sonderen, Paul"]
[Black "Poetsch, Hagen"]
[Result "0-1"]
[BlackTitle "IM"]
[WhiteElo "1902"]
[BlackElo "2403"]
[WhiteFideId "1026798"]
[BlackFideId "24615137"]
[EventDate "2011.07.30"]

1. e4 d5 2. exd5 Qxd5 3. Nc3 Qa5 4. b4 Qxb4 5. Rb1 Qd6 6. Nf3 Nf6 7. g3 g6 8. d3
Bg7 9. Bf4 Qc6 10. Ne4 Nxe4 11. dxe4 Qxe4+ 12. Be2 Bh3 13. Rb3 Nc6 14. Qd2 Nd4
15. Kd1 Nxb3 16. axb3 Rd8 0-1

[Event "15th HZ Open"]
[Site "Vlissingen NED"]
[Date "2011.07.30"]
[Round "1"]
[White "Tan, Matthew"]
[Black "Ijzermans, Cees"]
[Result "1-0"]
[WhiteTitle "FM"]
[WhiteElo "2400"]
[BlackElo "1900"]
[WhiteFideId "1011316"]
[BlackFideId "1027425"]
[EventDate "2011.07.30"]

1. e4 c5 2. Nf3 Nc6 3. Bb5 Nf6 4. Nc3 d6 5. e5 Ng4 6. exd6 exd6 7. d4 d5 8. O-O
a6 9. Re1+ Be7 10. Bxc6+ bxc6 11. Qe2 Ra7 12. dxc5 O-O 13. h3 Nf6 14. Nd4 Qd7
15. b4 Re8 16. Be3 Bf8 17. Na4 g6 18. Qd3 Qc7 19. Nb6 Bg7 20. Rad1 Nd7 21. Bf4
Rxe1+ 22. Rxe1 Qxf4 23. Nxc6 Ne5 24. Nxe5 Bxe5 25. Nxc8 Rc7 26. Qxd5 Bd4 27. Qf3
Qxf3 28. Re8+ Kg7 29. gxf3 Bc3 30. Nd6 Rc6 31. Re4 a5 32. a3 Bb2 33. Nc4 axb4
34. axb4 1-0

[Event "15th HZ Open"]
[Site "Vlissingen NED"]
[Date "2011.07.30"]
[Round "1"]
[White "Olabe Odriozola, Eduardo"]
[Black "Bosboom, Manuel"]
[Result "0-1"]
[BlackTitle "IM"]
[WhiteElo "1900"]
[BlackElo "2399"]
[WhiteFideId "2211980"]
[BlackFideId "1000080"]
[EventDate "2011.07.30"]

1. e4 c5 2. Nc3 Nc6 3. Bc4 e6 4. d3 a6 5. a4 Nf6 6. Bg5 h6 7. Bh4 Be7 8. Nge2 b6
9. f4 g5 10. fxg5 Ng4 11. Qd2 Bxg5 12. Bxg5 Qxg5 13. Nf4 Nd4 14. O-O Ne5 15. Kh1
Bb7 16. Rae1 h5 17. Nce2 Ndc6 18. Bb3 Rg8 19. c3 c4 20. Bxc4 Nxc4 21. dxc4 O-O-O
22. Qd3 e5 23. h4 Qg4 0-1

[Event "15th HZ Open"]
[Site "Vlissingen NED"]
[Date "2011.07.30"]
[Round "1"]
[White "Leenhouts, Koen"]
[Black "Bollaart, Jeroen"]
[Result "1-0"]
[WhiteTitle "IM"]
[WhiteElo "2397"]
[BlackElo "1898"]
[WhiteFideId "1008439"]
[BlackFideId "1019872"]
[EventDate "2011.07.30"]

1. e4 c5 2. Nf3 e6 3. d4 cxd4 4. Nxd4 Nc6 5. Nb5 d6 6. c4 a6 7. N5c3 Nf6 8. Be2
Be7 9. O-O O-O 10. Be3 b6 11. Nd2 Bb7 12. Rc1 Rc8 13. f3 Nd7 14. Qe1 Nc5 15. a3
Ne5 16. Rc2 Bh4 17. Qb1 Qe8 18. b4 Ncd7 19. f4 Ng6 20. Nf3 Bd8 21. Rd1 Nf6 22.
Nd2 Qe7 23. Kh1 h5 24. Rf1 Ng4 25. Bxg4 hxg4 26. f5 exf5 27. Rxf5 Nh4 28. Bg5
Qe6 29. Bxh4 Bxh4 30. Qd1 Bxe4 31. Ndxe4 Qxf5 32. Nxd6 Rcd8 33. Nxf5 Rxd1+ 34.
Nxd1 1-0

[Event "15th HZ Open"]
[Site "Vlissingen NED"]
[Date "2011.07.30"]
[Round "1"]
[White "Burg, Henk"]
[Black "De Jong, Migchiel"]
[Result "0-1"]
[BlackTitle "IM"]
[WhiteElo "1882"]
[BlackElo "2376"]
[WhiteFideId "1017691"]
[BlackFideId "1002848"]
[EventDate "2011.07.30"]

1. e4 c5 2. Nf3 e6 3. d4 cxd4 4. Nxd4 a6 5. Bd3 Bc5 6. Nb3 Be7 7. Nc3 d6 8. O-O
Nf6 9. h3 b5 10. e5 dxe5 11. Qf3 Ra7 12. Be3 Rd7 13. Qg3 O-O 14. Qxe5 Nc6 15.
Qg3 Nb4 16. Nc5 Rc7 17. a3 Bd6 18. Qh4 Nxd3 19. Nxd3 Rc4 20. f4 Bb7 21. Qf2 Qc7
22. Rad1 Qc6 23. Ne5 Bxe5 24. fxe5 Nd7 25. Rd6 Qc7 26. Qg3 f6 27. Rfd1 Nxe5 28.
Bh6 Qf7 29. Bf4 Rc7 30. Bxe5 fxe5 31. R1d2 e4 32. Qe3 Qf1+ 33. Kh2 Qf5 34. Ne2
e5 35. Rd8 Rf7 36. Qb3 g5 37. Qe3 Rxd8 38. Rxd8+ Kg7 39. Rd2 h6 40. c3 Qf2 41.
Qg3 e3 42. Rd8 Kh7 43. Qg4 Bf3 0-1

[Event "15th HZ Open"]
[Site "Vlissingen NED"]
[Date "2011.07.30"]
[Round "1"]
[White "Dahm, Jochen"]
[Black "Van Gemert, Jean-Pierre"]
[Result "1-0"]
[WhiteTitle "FM"]
[WhiteElo "2345"]
[BlackElo "1871"]
[WhiteFideId "4659350"]
[BlackFideId "1026666"]
[EventDate "2011.07.30"]

1. e4 c5 2. c3 d6 3. d4 cxd4 4. cxd4 Nf6 5. Nc3 g6 6. f3 Bg7 7. Be3 O-O 8. Bd3
Nc6 9. Nge2 Nd7 10. Qd2 e5 11. d5 Nd4 12. Rd1 Nxe2 13. Qxe2 b6 14. O-O Nc5 15.
Bc4 a5 16. a3 h5 17. b4 axb4 18. axb4 Na4 19. Nxa4 Rxa4 20. Rb1 Bd7 21. Bb5 Ra7
22. Bxd7 Rxd7 23. Qb5 Rb7 24. Qc6 Qb8 25. Rbc1 b5 26. Rf2 Kh7 27. Rfc2 Bh6 28.
Bxh6 Kxh6 29. f4 f6 30. g3 exf4 31. gxf4 Re7 32. Qa6 Ra7 33. Qc6 Re7 34. Re2
Rfe8 35. Qa6 g5 36. fxg5+ Kxg5 37. Rg2+ Kh6 38. Rf1 Rf7 39. Qa1 Qb6+ 40. Kh1 Re5
41. Qa8 Rg5 42. Rxg5 Qe3 43. Rg2 1-0

[Event "15th HZ Open"]
[Site "Vlissingen NED"]
[Date "2011.07.30"]
[Round "1"]
[White "Goorden, Johan"]
[Black "Vishnu Prasanna. V"]
[Result "0-1"]
[BlackTitle "IM"]
[WhiteElo "1869"]
[BlackElo "2340"]
[WhiteFideId "1025112"]
[BlackFideId "5030692"]
[EventDate "2011.07.30"]

1. g3 d5 2. Bg2 Nf6 3. Nf3 c6 4. c4 e6 5. b3 Be7 6. Bb2 a5 7. O-O O-O 8. d3 Na6
9. a3 b5 10. Nbd2 Qb6 11. Qc2 Rb8 12. Rab1 Rd8 13. e4 Bb7 14. Rfe1 Rd7 15. Re2
Ba8 16. Ne5 Rc7 17. h3 h6 18. Kh2 Qa7 19. f4 Rd8 20. Ndf3 Nc5 21. Bd4 Qb8 22. b4
axb4 23. axb4 Nxd3 24. Nxf7 Kxf7 25. Qxd3 bxc4 26. Qe3 c5 27. Be5 d4 28. Bxc7
Qxc7 29. Qc1 c3 30. Ne5+ Kg8 31. bxc5 d3 32. Ra2 c2 33. Rba1 Bb7 34. Qd2 Nxe4
35. Bxe4 Bxe4 36. Ra7 Qxc5 37. R7a4 Rd4 38. Ra5 Qb4 39. Qxb4 Rxb4 0-1

[Event "15th HZ Open"]
[Site "Vlissingen NED"]
[Date "2011.07.30"]
[Round "1"]
[White "Fernandez, Daniel Howard"]
[Black "Duinmaijer, Martin"]
[Result "1-0"]
[WhiteTitle "IM"]
[WhiteElo "2328"]
[BlackElo "1866"]
[WhiteFideId "5801605"]
[BlackFideId "1020455"]
[EventDate "2011.07.30"]

1. e4 c5 2. Nf3 Nc6 3. Bb5 g6 4. O-O Bg7 5. Re1 a6 6. Bxc6 dxc6 7. h3 Qb6 8. a4
Nf6 9. d3 O-O 10. Qe2 Nd7 11. Nc3 Ne5 12. Nxe5 Bxe5 13. a5 Qc7 14. Be3 Bd4 15.
Na4 Qxa5 16. c3 Bxe3 17. Qxe3 Qc7 18. Qxc5 b5 19. Nb6 Ra7 20. Nxc8 Rxc8 21. b4
Rca8 22. Ra5 Qd6 23. Qxd6 exd6 24. f4 c5 25. Rea1 f6 26. Kf2 Kf7 27. Ke3 h5 28.
c4 cxb4 29. cxb5 b3 30. Rb1 axb5 31. Rxb5 Ra3 32. Rb7+ Ke6 33. g4 hxg4 34. hxg4
f5 35. gxf5+ gxf5 36. Rh1 Rf8 37. Rh6+ Rf6 38. Rhh7 fxe4 39. dxe4 1-0

[Event "15th HZ Open"]
[Site "Vlissingen NED"]
[Date "2011.07.30"]
[Round "1"]
[White "Leentjens, Gilbert"]
[Black "Ortmann, David"]
[Result "0-1"]
[BlackTitle "FM"]
[WhiteElo "1865"]
[BlackElo "2322"]
[WhiteFideId "1019988"]
[BlackFideId "4651588"]
[EventDate "2011.07.30"]

1. e4 e6 2. d4 d5 3. e5 c5 4. c3 Nc6 5. Nf3 Bd7 6. Bd3 Rc8 7. O-O cxd4 8. cxd4
Nb4 9. Nc3 Nxd3 10. Qxd3 Qb6 11. a3 a5 12. Rb1 Qa6 13. Qd1 Ne7 14. Re1 Nc6 15.
Be3 Be7 16. Ne2 a4 17. Ng3 g6 18. Nf1 Na5 19. N1d2 O-O 20. h4 h5 21. Bh6 Rfd8
22. Bg5 Bxg5 23. Nxg5 Qd3 24. Qf3 Qxf3 25. Ngxf3 Rc2 26. Red1 Rdc8 27. Ne1 R2c7
28. Nd3 Bb5 29. Nb4 Be2 30. Re1 Bg4 31. g3 Nc6 32. Nxc6 Rxc6 33. b4 Rc3 34. Ra1
Rd3 35. Nf1 Rxd4 36. Ne3 Bf3 37. Rec1 Rxc1+ 38. Rxc1 Rd3 39. Nc2 Rc3 0-1

[Event "15th HZ Open"]
[Site "Vlissingen NED"]
[Date "2011.07.30"]
[Round "1"]
[White "Van Dooren, Dirk"]
[Black "Daniels, Hennie"]
[Result "1-0"]
[WhiteTitle "FM"]
[WhiteElo "2290"]
[BlackElo "1853"]
[WhiteFideId "1015761"]
[BlackFideId "1027301"]
[EventDate "2011.07.30"]

1. e4 Nf6 2. e5 Nd5 3. d4 d6 4. c4 Nb6 5. exd6 exd6 6. Nc3 Be7 7. Bd3 Nc6 8.
Nge2 Bg4 9. Be3 Bf6 10. f3 Bh4+ 11. Kf1 Bd7 12. b3 O-O 13. Qd2 a5 14. g3 Bh3+
15. Kf2 Be7 16. Rad1 a4 17. c5 dxc5 18. dxc5 Nd7 19. Nxa4 Nde5 20. Bxh7+ Kh8 21.
Bb1 Qc8 22. Nf4 Nxf3 23. Kxf3 Bg4+ 24. Kg2 Bxd1 25. Rxd1 Qg4 26. Qc2 g6 27. h3
Qg5 28. Nd5 Qe5 29. Bf4 1-0

[Event "15th HZ Open"]
[Site "Vlissingen NED"]
[Date "2011.07.30"]
[Round "1"]
[White "Rutten, David"]
[Black "Admiraal, Miguoel"]
[Result "0-1"]
[WhiteElo "1851"]
[BlackElo "2246"]
[WhiteFideId "1001604"]
[BlackFideId "1019716"]
[EventDate "2011.07.30"]

1. d4 e6 2. Nf3 c5 3. e3 Nf6 4. Bd3 b6 5. O-O Be7 6. b3 O-O 7. Bb2 Bb7 8. Nbd2
d5 9. c4 cxd4 10. exd4 Nbd7 11. Re1 Rc8 12. Rc1 Rc7 13. Ne5 Qa8 14. Bf1 dxc4 15.
bxc4 Nxe5 16. Rxe5 Rd8 17. Qe2 Bd6 18. Re3 Bf4 19. Rd3 Ne4 20. Bc3 Rxc4 21. Nxc4
Bxc1 22. Ba1 Ba6 23. Rd1 Bh6 24. Qh5 Nf6 25. Qe5 Qd5 26. Qxd5 Nxd5 27. g3 Bb7
28. Bb2 Rd7 29. Bd3 Rc7 30. Ba3 Ba6 31. Nxb6 axb6 32. Bxa6 Ra7 0-1

[Event "15th HZ Open"]
[Site "Vlissingen NED"]
[Date "2011.07.30"]
[Round "1"]
[White "Van Den Berg, Ad"]
[Black "Hijweegen, Louis"]
[Result "1-0"]
[WhiteElo "2244"]
[BlackElo "1848"]
[WhiteFideId "1001426"]
[BlackFideId "1023845"]
[EventDate "2011.07.30"]

1. e4 c6 2. c4 e5 3. Nf3 d6 4. Nc3 Nf6 5. d4 exd4 6. Nxd4 g6 7. Be2 Bg7 8. O-O
O-O 9. Bg5 Nbd7 10. Qd2 Nc5 11. f3 Ne6 12. Nxe6 Bxe6 13. Rad1 Qa5 14. Kh1 Rad8
15. Bxf6 Bxf6 16. Nd5 Qxd2 17. Nxf6+ Kg7 18. Nh5+ gxh5 19. Rxd2 Kf6 20. f4 Bg4
21. Bd3 d5 22. cxd5 cxd5 23. e5+ Kg7 24. f5 h4 25. Rf4 Bh5 26. Rxh4 Rc8 27. Bc2
Kh6 1-0

[Event "15th HZ Open"]
[Site "Vlissingen NED"]
[Date "2011.07.30"]
[Round "1"]
[White "Densing, Gerd"]
[Black "Goormachtigh, Johan"]
[Result "1/2-1/2"]
[BlackTitle "FM"]
[WhiteElo "1844"]
[BlackElo "2237"]
[WhiteFideId "24621013"]
[BlackFideId "200280"]
[EventDate "2011.07.30"]

1. d4 Nf6 2. Nf3 g6 3. Nc3 d5 4. Bf4 Bg7 5. e3 O-O 6. Be2 Bg4 7. Ne5 Bxe2 8.
Qxe2 c6 9. h4 Nbd7 10. g4 Ne4 11. Nxe4 dxe4 12. O-O-O Nxe5 13. dxe5 Qa5 14. Qc4
Bxe5 15. Bxe5 Qxe5 16. Rd4 Rad8 17. Rxe4 Qd6 18. Rd4 Qf6 19. Rf4 Qe6 20. Qxe6
fxe6 21. Rxf8+ Kxf8 22. Rd1 Rd5 23. e4 Re5 24. f3 Ke8 25. Kd2 Ra5 26. a3 e5 27.
Ke3 Rc5 28. Kd3 Ra5 29. c4 c5 30. Kc3 e6 31. Rd6 Ke7 32. Rd1 Ra6 33. g5 Rc6 34.
h5 Rc8 35. hxg6 hxg6 36. Rh1 Rf8 37. Rh3 Rf7 1/2-1/2

[Event "15th HZ Open"]
[Site "Vlissingen NED"]
[Date "2011.07.30"]
[Round "1"]
[White "Bus, Tom"]
[Black "Jonkheer, Alex"]
[Result "1-0"]
[WhiteElo "2237"]
[BlackElo "1843"]
[WhiteFideId "1014374"]
[BlackFideId "1025465"]
[EventDate "2011.07.30"]

1. c4 c5 2. g3 Nf6 3. Bg2 Nc6 4. Nf3 e6 5. O-O d5 6. cxd5 exd5 7. d4 Be7 8. dxc5
Bxc5 9. Bg5 Be6 10. Nc3 Ne7 11. Bxf6 gxf6 12. Rc1 Bb6 13. Nd4 Nc6 14. Nxc6 bxc6
15. Qa4 Qd7 16. Rfd1 Rc8 17. Nxd5 Bxd5 18. Bxd5 1-0

[Event "15th HZ Open"]
[Site "Vlissingen NED"]
[Date "2011.07.30"]
[Round "1"]
[White "Maas, Joop"]
[Black "Tiggelman, Rene"]
[Result "0-1"]
[WhiteElo "1841"]
[BlackElo "2233"]
[WhiteFideId "1025759"]
[BlackFideId "1006185"]
[EventDate "2011.07.30"]

1. d4 Nf6 2. Nf3 c5 3. e3 e6 4. Bd3 Be7 5. Nbd2 b6 6. O-O Bb7 7. c3 d6 8. Qe2
O-O 9. e4 Nbd7 10. e5 Nd5 11. Ne4 cxd4 12. cxd4 dxe5 13. dxe5 Nc5 14. Nxc5 bxc5
15. Qe4 g6 16. Bh6 Qb6 17. Bxf8 Bxf8 18. Qg4 Rd8 19. Bc4 Bg7 20. Rfe1 Nb4 21.
Re2 Nd3 22. Rd1 Bxf3 23. Qxf3 Nxe5 24. Rxd8+ Qxd8 25. Rxe5 Bxe5 26. Qe2 Qd4 27.
g3 Qxb2 28. Qxb2 Bxb2 29. f3 Kg7 30. Kf2 Kf6 31. Ke3 Ke5 32. Kd3 Bd4 33. Ba6 Bg1
34. h3 Bf2 35. Ke2 Bxg3 36. Bb7 Kd4 37. Bc6 c4 38. Kd2 Bf4+ 39. Kc2 Be5 40. Be8
f5 41. Bf7 Kd5 42. Bg8 h6 43. Bf7 g5 44. Be8 Bd4 45. Bg6 Bf6 46. Kd2 Kd4 47. Bf7
e5 48. Bg6 c3+ 49. Kc2 e4 50. fxe4 f4 51. Bf5 Ke3 0-1